| 000 | 00624nam1a22002171i 4500 | ||
|---|---|---|---|
| 001 | rc\96297 | ||
| 005 | 20240726021352.0 | ||
| 035 | _a(NLR Aleph) 005401782 | ||
| 090 |
_a7282227 _c7282227 |
||
| 100 | _a20021216d1996 u |0rusy50 ca | ||
| 101 | 0 | _arus | |
| 102 | _aRU | ||
| 105 | _ay ||||||||| | ||
| 200 | 1 |
_aАверс... _eКат. для коллекционеров _fВ.Д. Кривцов |
|
| 210 |
_aМ. _cИЧП "Аверс" _d1996 |
||
| 215 | _d25 | ||
| 700 | 1 |
_aКривцов _bВ.Д. _gВладимир Д. |
|
| 801 | 0 |
_aRU _bNLR _gpsbo |
|
| 801 | 1 |
_aRU _bELAR _2rusmarc |
|
| 852 |
_aNLR _bЭ _jАлИс135/2-79 |
||
| 942 | _cBOOK | ||